000 01699nam0a2200361 4500
001 RU\NLR\bibl\1036761
005 20260406105622.0
010 _a978-5-358-01741-2
_94000
021 _aRU
_b2006-80051
_94060
035 _a(NLR Aleph) 001024179
090 _a717578
_c717578
100 _a20070126d2007 |||y0rusy50 ca
101 0 _arus
102 _aRU
105 _aa |||||||||
200 1 _aРусский язык
_e3 класс
_eкнига для чтения
_eдля школ абхазо-адыгской языковой группы
_fГ. Г. Городилова, Х. Х. Амшоков, С. К. Амшокова, М. Х. Шхапацева
205 _a2-е изд., стер.
210 _aМосква
_cДрофа
_d2007
215 _a143, [1] с.
_cцв. ил.
_d22
225 1 _aАбхазо-адыгская языковая группа
606 1 _aРусский язык
_jУчебники для национальной школы
_91533567
_3RU\NLR\auth\66969347
686 _aШ141.12-93абх/адыг21[3]
701 1 _4070
_7ca
_8rus
_aГородилова
_bГ. Г.
_f1922-2013
_gГалина Георгиевна
_985346
_3RU\NLR\AUTH\77102420
701 1 _4070
_7ca
_8rus
_aАмшоков
_bХ. Х.
_gХасанби Хажбеталович
_987475
_3RU\NLR\AUTH\77104550
701 1 _4070
_7ca
_8rus
_aАмшокова
_bС. К.
_gСветлана Каншобиевна
_987477
_3RU\NLR\AUTH\77104552
701 1 _aШхапацева
_bМ. Х.
_gМина Хаджебиевна
_4070
801 0 _aRU
_bNLR
_c20070126
_gRCR
801 1 _aRU
_bNLR
_c20070126
830 _aавт. по кн.
942 _cBOOK
980 _aNB